Statistics for The original 17 NBA teams

Click here to take the quiz!

General Stats

  • This quiz has been taken 3,760 times
  • The average score is 5 of 17

Answer Stats

city nameteam name% Correct
BostonCeltics
97%
New YorkKnickerbockers
68%
Ft. WaynePistons
68%
MinneapolisLakers
65%
BaltimoreBullets
65%
PhiladelphiaWarriors
46%
RochesterRoyals
42%
SyracuseNationals
32%
TorontoHuskies
16%
ChicagoStags
14%
ProvidenceSteamrollers
9%
Tri- CityBlackhawks
8%
WashingtonCapitols
5%
PittsburghIronmen
3%
DetroitFalcons
3%
St. LouisBombers
3%
ClevelandRebels
2%

Score Distribution

Percentile by Number Answered

Percent of People with Each Score

Your Score History

You have not taken this quiz